| 000 | 00000nam##2200000za#4500 |
| 001 | 9.619632 |
| 003 | CaOODSP |
| 005 | 20210615103612 |
| 007 | ta |
| 008 | 150406|2009||||xxc||||| f|0| 0 eng|d |
| 022 | |a0706-6473 |
| 040 | |aCaOODSP|beng |
| 043 | |an-cn--- |
| 086 | 1 |aFs97-4/2895E |
| 110 | 1 |aCanada. |bDepartment of Fisheries and Oceans. |
| 245 | 10|aMapping traditional knowledge related to the identification of ecologically and biologically significant areas in the Beaufort Sea / |cby L. Hartwig. |
| 260 | |aWinnipeg - Manitoba : |bFisheries and Oceans Canada |c2009. |
| 300 | |aiii, 25p. : |bcoloured figs., coloured maps, tables ; |c28 cm. |
| 490 | 1 |aCanadian manuscript report of fisheries and aquatic sciences|x0706-6473|v2895 |
| 500 | |a"Fisheries and Oceans Canada, Oceans Program Division, Central & Arctic Region, 501 University Crescent, Winnipeg, Manitoba R3T 2N6."--Cover. |
| 504 | |aBibliography. |
| 546 | |a(Résumé en français.) |
| 563 | |aSpiral binding |
| 590 | |a10-05|b2010-02-05 |
| 720 | 1 |aHartwig, L. |
| 776 | 0#|tMapping traditional knowledge related to the identification of ecologically and biologically significant areas in the Beaufort Sea / |w(CaOODSP)9.580204 |
| 830 | #0|aCanadian manuscript report of fisheries and aquatic sciences,|x0706-6473|v2895|w(CaOODSP)9.514688 |